• 首页
  • 本馆介绍
  • 公告通知
  • 最新文献
  • 馆藏检索
  • 电子资源
  • 读者导购
  • 参考咨询
  • 我的图书馆
  • 登录
  • 详细信息显示
  • 放入我的书架
  • 预约/预借图书
  • 作者相关作品
  • 分类相关作品
  • 丛书相关作品
  • 出版社相关作品

书目信息

  • 表格格式
  • 工作单格式
  • 卡片格式
题名:
拿什么过晚年,我的夕阳
    
 
作者: 王国军 , 应余 , 张沫 编著
分册:  
出版信息: 北京   经济科学出版社  2014
页数: 183页
开本: 21cm
丛书名: “认识保险”丛书
单 册:
中图分类: F842.612
科图分类:
主题词: 养老保险--基本知识--中国 , 养老保险
电子资源:
ISBN: 978-7-5141-3680-7
000 01094nam0 2200289 450
001 523
005 20140909165911.39
010    @a978-7-5141-3680-7@dCNY20.00
100    @a20140321d2014 em y0chiy50 ea
101 0  @achi
102    @aCN@b110000
105    @aa z 000yy
106    @ar
200 1  @a拿什么过晚年,我的夕阳@ANa Shi Me Guo Wan Nian, Wo De Xi Yang@f王国军,应余,张沫编著@FWang Guo Jun, Ying Yu, Zhang Mo Bian Zhu
210    @a北京@c经济科学出版社@d2014
215    @a183页@c图@d21cm
225 2  @a“认识保险”丛书
330    @a本书分析了人口老龄化及老年风险管理等问题,在阐释养老风险的内涵、养老风险的政策和特征的基础上,对商业养老保险的具体条款进行了解读,并对读者关心的养老保险买什么、保多久、买多少、在哪买等问题作了有针对性的解答。
461  0 @12001 @a“认识保险”丛书
606 0  @a养老保险@x基本知识@y中国
606 0  @a养老保险
690    @aF842.612@v5
701  0 @a王国军@AWang Guo Jun@c(保险,@f1970~)@4编著
701  0 @a应余@AYing Yu@4编著
701  0 @a张沫@AZhang Mo@4编著
801  0 @aCN@bTANGWEI@c20140603
905    @b0842282-84@dF842.612@e106@f3
    
    拿什么过晚年,我的夕阳/王国军,应余,张沫编著.-北京:经济科学出版社,2014
    183页:图;21cm.-(“认识保险”丛书)
    
    
    ISBN 978-7-5141-3680-7:CNY20.00
    本书分析了人口老龄化及老年风险管理等问题,在阐释养老风险的内涵、养老风险的政策和特征的基础上,对商业养老保险的具体条款进行了解读,并对读者关心的养老保险买什么、保多久、买多少、在哪买等问题作了有针对性的解答。
●
相关链接 在E读中查询图书 在五车中查询图书 在当当中查询图书 在豆瓣中查询图书


正题名:拿什么过晚年,我的夕阳     索取号:F842.612/106         预约/预借

序号 登录号 条形码 馆藏地/架位号 状态 备注
1 0842282   208422820   第一样本阅览室/ [索取号:F842.612/106] 在馆    
2 0842283   208422839   第一借阅区/ [索取号:F842.612/106] 在馆    
3 0842284   208422848   第一借阅区/ [索取号:F842.612/106] 在馆    
唐山师范学院图书馆 欢迎您!
大连网信软件有限公司© 版权所有